| 000 | 01422nam0a2200325 i 4500 | ||
|---|---|---|---|
| 001 | RU\NLR\BIBL_A\010397491 | ||
| 005 | 20260408075936.0 | ||
| 010 |
_a9785905897436 _9100 |
||
| 021 |
_aRU _b2014-26866 _91665 |
||
| 035 | _a(NILC)RuMoRGB-006776334 | ||
| 035 | _a(NLR Aleph) 010397491 | ||
| 090 |
_a9694379 _c9694379 |
||
| 100 | _a20140606d2014 km y0rusy50 ca | ||
| 101 | 0 | _arus | |
| 102 | _aRU | ||
| 105 | _aa|||z|||000yy | ||
| 200 | 1 |
_aИтоги и перспективы научных исследований _eсборник научных трудов _fНауч.-изд. центр Априори _g[редкол.: Бисалиев Р.В., д.м.н. и др] |
|
| 210 |
_aКраснодар _cНаучно-издательский центр Априори _d2014 |
||
| 215 |
_a253 с. _cил., табл. _d20 |
||
| 320 | _aБиблиогр. в конце ст. | ||
| 606 | 1 |
_aНаучные исследования _jСборники _91711893 _3RU\NLR\AUTH\66763066 |
|
| 686 | 1 | _aЧ21я43 | |
| 702 | 1 |
_4340 _aБисалиев _bР. В. _gРафаэль Валерьевич _9139129 _3RU\NLR\AUTH\770139164 |
|
| 712 | 0 | 2 |
_4570 _aАприори, научно-издательский центр _cКраснодар _3RU\NLR\AUTH\8810219675 _9324700 |
| 801 | 0 |
_aRU _bРГБ _c20140415 _gRCR |
|
| 801 | 1 |
_aRU _bРГБ _c20140415 _2rusmarc |
|
| 942 | _cBOOK | ||
| 980 | _aNBR | ||